01331nac a22003251u 4500008004100000010001700041020001500058020001800073040003100091082002100122100004100143245011600184250001300300260005000313300005500363500002500418504004100443590001700484650005400501650005200555650004000607651001000647653002300657700002900680700003100709942002500740999001500765952012000780952010500900110619s2004 njuab frb 001 0 eng d a 2003048235 a0131217267 a9780131217263 aEG-ScBUE beng cEG-ScBUE 04a658.18bDAN 2221 aDaniels, John D. 92549610aInternational Business :cJohn D. Daniels, Lee H. Radebaugh, Daniel P. Sullivan.bEnvironments and Operations / a10th ed. aUpper Saddle River :bPrentice Hall,cc.2004. axxxiii, 701 p. : bcol. ill., col. maps ; c29 cm. aIndexes: p. 679-702. aIncludes bibliographical references. aMenna Elemam 0aInternational business enterprises.9254972BUEsh 0aInternational economic relations.9254982BUEsh 0aInvestments, Foreign.9254992BUEsh 2BUEsh bBUSADMcAugust20151 aRadebaugh, Lee H.9255001 aSullivan, Daniel P.925501 cBBk658.18 DAN 2ddc c4564d4564 00104070aMAINbMAINc1STd2010-09-07ePurchasel3m2o658.18 DANp000005704r2025-07-15 00:00:00s2011-04-17yBB 00104070aMAINbMAINc1STd2010-09-07ePurchasel0o658.18 DANp000005705r2025-07-15 00:00:00yBB